|
|
|
|
| LEADER |
00000nab a2200000ua 4500 |
| 001 |
vtls010776669 |
| 003 |
SK-MaSNL |
| 005 |
20260303135644.0 |
| 008 |
230218s1964 xo |||||||||||||||||cze| |
| 035 |
|
|
|a (urnnbn)urn:nbn:sk:snk:ar-002sby
|
| 035 |
|
|
|a (uuid)1f511bf7-a88f-4390-bc60-6c7ea7d6d0ee
|
| 035 |
|
|
|a urn:nbn:sk:snk-ab41ik
|
| 040 |
|
|
|a SNKBUCL
|b slo
|c SNKBUCL
|e AACR2
|
| 041 |
0 |
|
|a cze
|
| 044 |
|
|
|a xo
|c SK
|
| 100 |
1 |
|
|a Marek, Jiří
|4 aut
|9 384668
|
| 245 |
1 |
0 |
|a TEPELNÉ ZPRACOVÁNÍ VYBRANÝCH SLITIN SYSTÉMU Ti-Al-Cr-Fe
|c Jiří Marek, Vladimír Sedláček
|
| 700 |
1 |
|
|a Sedláček, Vladimír
|4 aut
|9 391765
|
| 773 |
0 |
|
|t Kovové materiály
|g Roč. 2, č. 6 (1964), s. 537-548
|
| 954 |
|
|
|a odborná, vedecká literatúra cudzojazyčná (svetová)
|2 lita
|
| 958 |
|
|
|a OND
|
| 958 |
|
|
|a EUIPO
|
| 958 |
|
|
|a article3
|
| 999 |
|
|
|c 1966918
|d 1968848
|